| 000 | 00642nam a22001815i 4500 | ||
|---|---|---|---|
| 001 | 156503 | ||
| 003 | ES-MaACL | ||
| 005 | 20230906210427.0 | ||
| 008 | 040805s1875 fr |||| | fre d | ||
| 040 |
_aCAM _bspa _cCAM |
||
| 100 | 1 |
_aJundt, Auguste. _9128397 |
|
| 245 | 1 | 0 |
_aHistoire du panthéisme populaire au Moyen Age et au seizième siècle / _cpar Auguste Jundt. |
| 260 |
_aParis : _bSandoz et Fischbacher, _c1875 ( _eStrasbourg : _ftypographie de G. Fischbacher) |
||
| 300 |
_a310 p. ; _c25 cm. |
||
| 650 | 0 | 4 |
_aPanteísmo- _yEdad Media. _9136649 |
| 650 | 0 | 4 |
_aPanteísmo- _yS. XVI. _9136650 |
| 852 |
_aES-MaACL _jF-6468 _z-- Enc. hol. |
||
| 999 |
_c156503 _d156503 |
||